Pepatah melayu khazanah berharga : Bergambar

Bibliographic Details
Main Author: Zaiton Afidza Zainal Abidin
Format: Book
Published: Kuala Lumpur : Iqra' Publications , 2001
Subjects:

MARC

LEADER 00000cam a2200000 7i4500
001 0000008446
005 20151222.0
008 070725
020 |a 9831460448 
090 0 0 |a JF   |b DIC MAL (1857) 
100 0 |a Zaiton Afidza Zainal Abidin 
245 1 0 |a Pepatah melayu khazanah berharga :   |b Bergambar   |c Zaiton Afidza Zainal Abidin 
260 |a Kuala Lumpur :   |b Iqra' Publications ,   |c 2001 
500 |a Children ages 7-9 years old (orange) 
650 0 |a Dictionary   |x Malay   |x Languages 
999 |a 0000011837   |b Book   |c Children Collection   |e Cawangan Taman Universiti 
999 |a 0000011838   |b Book   |c Children Collection   |e Cawangan Taman Universiti 
999 |a 0000985592   |b Book   |c Children Collection   |e Perbadanan Perpustakaan Awam Johor 
999 |a 0000985593   |b Book   |c Children Collection   |e Perbadanan Perpustakaan Awam Johor 
999 |a 0000985594   |b Book   |c Children Collection   |e Perbadanan Perpustakaan Awam Johor 
999 |a 0000985595   |b Book   |c Children Collection   |e Cawangan Bandar Tenggara 
999 |a 0000985596   |b Book   |c Children Collection   |e Perbadanan Perpustakaan Awam Johor